Drapeaux nationaux (Difficile) - Statistiques

Statistiques générales
  • Ce quiz a été pris 66 fois
    6 depuis la dernière actualisation
  • Le résultat moyen est 18 sur 20
Statistiques - réponses
Par images Réponse % Correct
Afghanistan
100%
Afrique du Sud
100%
Albanie
100%
Andorre
100%
Angola
100%
Arabie Saoudite
100%
Argentine
100%
Azerbaïdjan
100%
Bahamas
100%
Barbade
100%
Bélarus
100%
Belize
100%
Bhoutan
100%
Bosnie-Herzégovine
100%
Botswana
100%
Brésil
100%
Brunei
100%
Cambodge
100%
Cap-Vert
100%
Chili
100%
Comores
100%
Corée du Nord
100%
Croatie
100%
Djibouti
100%
Eswatini
100%
États-Unis
100%
Fidji
100%
Géorgie
100%
Ghana
100%
Grèce
100%
Panama
100%
République Centrafricaine
100%
République Démocratique du Congo
100%
République Dominicaine
100%
Tadjikistan
100%
Tchéquie
100%
Togo
100%
Trinité-et-Tobago
100%
Tunisie
100%
Turkménistan
100%
Vanuatu
100%
Vatican
100%
Venezuela
100%
Zambie
100%
Zimbabwe
100%
Burundi
67%
Canada
67%
Iran
67%
Antigua-et-Barbuda
50%
Corée du Sud
50%
Cuba
50%
Guatemala
50%
Irak
50%
Tonga
50%
Algérie
0%
Australie
0%
Burkina Faso
0%
Dominique
0%
Égypte
0%
Équateur
0%
Érythrée
0%
Espagne
0%
Éthiopie
0%
Grenade
0%
Myanmar
0%
Rwanda
0%
Tanzanie
0%
Timor Oriental
0%
Tuvalu
0%
Uruguay
0%
Aucun quiz correspondant
Distribution des résultats
% des personnes avec chaque résultat
Percentile par nombre de réponses
Votre historique - résultats
Vous n’avez pas pris ce quiz depuis la dernière actualisation